[Event "15. Torneo Aficionados Benidorm s-2000"]
[Site "Benidorm ESP"]
[Date "2016.12.02"]
[Round "1.1"]
[White "Planelles Ortega, Emilio"]
[Black "Lozano Osorio, Isaac"]
[Result "0-1"]
[WhiteElo "1765"]
[BlackElo "1999"]
[PlyCount "89"]
[EventDate "2016.12.02"]
[EventType "swiss"]
[EventRounds "10"]
[EventCountry "ESP"]
[SourceTitle "Ajedrez en Madrid"]
[Source "lmi"]
[SourceDate "2016.12.02"]

1. d4 Nf6 2. Bf4 c5 3. e3 Qb6 4. Nc3 a6 5. Rb1 e6 6. dxc5 Qxc5 7. Na4 Qc6 8.
Nc3 Bb4 9. Nge2 Nd5 10. Qd4 f6 11. Kd1 Bxc3 12. Nxc3 Nxc3+ 13. Qxc3 e5 14. Bg3
d5 15. Qxc6+ Nxc6 16. a3 Bf5 17. Bd3 e4 18. Be2 d4 19. Rc1 O-O-O 20. h3 dxe3+
21. Ke1 exf2+ 22. Bxf2 Nd4 23. Bg4 Bxg4 24. hxg4 h6 25. Rh3 Rhe8 26. Rc3+ Nc6
27. b4 Rd5 28. a4 Kd7 29. b5 axb5 30. axb5 Rxb5 31. Rd1+ Ke6 32. Bc5 Rd8 33.
Rxd8 Nxd8 34. Bf8 Kf7 35. Bd6 Ne6 36. Rc4 Rd5 37. Bb8 Rd4 38. Rc3 Kg6 39. Rb3
Rc4 40. Re3 Nd4 41. Rg3 Rxc2 42. Ba7 Ne6 43. Kf1 Ra2 44. Bb6 Rb2 45. Be3 0-1

[Event "15. Torneo Aficionados Benidorm s-2000"]
[Site "Benidorm ESP"]
[Date "2016.12.02"]
[Round "1.2"]
[White "Gonzalez Cuervo, Eloy"]
[Black "Martinez Zazo, Jesus"]
[Result "1-0"]
[WhiteElo "1997"]
[BlackElo "1764"]
[PlyCount "88"]
[EventDate "2016.12.02"]
[EventType "swiss"]
[EventRounds "10"]
[EventCountry "ESP"]
[SourceTitle "Ajedrez en Madrid"]
[Source "lmi"]
[SourceDate "2016.12.02"]

1. e4 e5 2. Nf3 Nc6 3. Bb5 Nf6 4. O-O d6 5. Bxc6+ bxc6 6. d3 Be7 7. Nbd2 Bg4 8.
c4 O-O 9. h3 Bh5 10. g4 Bg6 11. Re1 Qd7 12. Nf1 h5 13. N3h2 hxg4 14. hxg4 Nh7
15. Qf3 Bg5 16. Ne3 Qe7 17. Qh3 Bf4 18. Nf3 Ng5 19. Nxg5 Qxg5 20. Ng2 Bxc1 21.
Raxc1 Rad8 22. Re3 d5 23. cxd5 cxd5 24. Rxc7 dxe4 25. dxe4 Rd1+ 26. Kh2 Rd2 27.
Qf3 Rxb2 28. Rxa7 Rb6 29. Qg3 Rf6 30. Ra5 Re8 31. Rc5 Bh7 32. Re2 Rh6+ 33. Kg1
Qe7 34. Rc4 Ra6 35. a4 Qe6 36. Ne3 Rc8 37. Rxc8+ Qxc8 38. Rc2 Qb8 39. Qxe5 Qb1+
40. Kg2 Bg6 41. Rc8+ Kh7 42. Qh2+ Bh5 43. Qxh5+ Rh6 44. Qf5+ Rg6 1-0

[Event "15. Torneo Aficionados Benidorm s-2000"]
[Site "Benidorm ESP"]
[Date "2016.12.02"]
[Round "1.3"]
[White "Flamee, Dirk"]
[Black "Bendriss, Hatim"]
[Result "0-1"]
[WhiteElo "1760"]
[BlackElo "1997"]
[PlyCount "106"]
[EventDate "2016.12.02"]
[EventType "swiss"]
[EventRounds "10"]
[EventCountry "ESP"]
[SourceTitle "Ajedrez en Madrid"]
[Source "lmi"]
[SourceDate "2016.12.02"]

1. e4 c6 2. d4 d5 3. Nc3 dxe4 4. Nxe4 Nf6 5. Ng3 e5 6. c3 Be6 7. Nf3 exd4 8.
Nxd4 Bc5 9. Be2 Bxd4 10. cxd4 Na6 11. O-O Nb4 12. Re1 O-O 13. Bf3 Re8 14. Bg5
h6 15. Bxf6 Qxf6 16. Ne4 Qf4 17. g3 Qc7 18. a3 Nd5 19. Rc1 Rad8 20. Qc2 Bf5 21.
Qc5 Bxe4 22. Rxe4 Rxe4 23. Bxe4 Qb6 24. b4 Nf6 25. Bg2 Rxd4 26. Qxb6 axb6 27.
b5 c5 28. Bxb7 Ne8 29. Kf1 Nd6 30. Bc6 f5 31. Ke2 Kf8 32. Rc3 Ne4 33. Bxe4 fxe4
34. f3 Kf7 35. fxe4 Rxe4+ 36. Re3 Rc4 37. Kd3 Ra4 38. Kc2 Ra5 39. Rb3 Ke6 40.
Re3+ Kd6 41. Rd3+ Ke5 42. Re3+ Kd4 43. Re7 Rxa3 44. Rxg7 Kc4 45. Rg6 Ra2+ 46.
Kb1 Rxh2 47. Rxb6 Kb3 48. Kc1 c4 49. Rc6 c3 50. Kd1 c2+ 51. Kc1 Rh1+ 52. Kd2
Rd1+ 53. Ke2 c1=Q 0-1

[Event "15. Torneo Aficionados Benidorm s-2000"]
[Site "Benidorm ESP"]
[Date "2016.12.02"]
[Round "1.4"]
[White "Estevez Jacome, Jose Ramon"]
[Black "Fernandez Sanchez, Vicente"]
[Result "0-1"]
[WhiteElo "1996"]
[BlackElo "1759"]
[PlyCount "103"]
[EventDate "2016.12.02"]
[EventType "swiss"]
[EventRounds "10"]
[EventCountry "ESP"]
[SourceTitle "Ajedrez en Madrid"]
[Source "lmi"]
[SourceDate "2016.12.02"]

1. d4 Nf6 2. c4 c5 3. Nf3 cxd4 4. Nxd4 Nc6 5. e3 g6 6. Be2 Bg7 7. O-O O-O 8.
Nc3 b6 9. b3 Bb7 10. Bb2 Nxd4 11. exd4 d5 12. Rc1 dxc4 13. bxc4 Ne4 14. Qd3
Qxd4 15. Qc2 Nxc3 16. Bxc3 Qe4 17. Qxe4 Bxe4 18. Bb4 Bb7 19. Rfd1 Bh6 20. Rc3
Rfd8 21. Rcd3 Rxd3 22. Rxd3 Bc6 23. Kf1 Bg5 24. Rd1 e6 25. g3 Rd8 26. Rxd8+
Bxd8 27. Bd3 Bf3 28. h4 Bf6 29. Ke1 Bd4 30. Be2 Bxe2 31. Kxe2 Bc5 32. Be1 Kg7
33. Kf3 f5 34. Bc3+ Kf7 35. Be5 Ke7 36. Ke2 Kd7 37. f4 Kc6 38. a4 Bg1 39. Kf1
Bc5 40. Ke2 Bb4 41. Bd4 Kb7 42. Be5 Ka6 43. Bb8 Ka5 44. Bxa7 Bd6 45. Kd3 Ka6
46. Bxb6 Kxb6 47. Kd4 Ka5 48. c5 Bc7 49. Kc4 Kxa4 50. c6 Ka5 51. Kc5 h5 52. Kc4
0-1

[Event "15. Torneo Aficionados Benidorm s-2000"]
[Site "Benidorm ESP"]
[Date "2016.12.02"]
[Round "1.5"]
[White "Vicente Montes, Luis Miguel"]
[Black "Calderon Alzate, Ivan Alejandro"]
[Result "0-1"]
[WhiteElo "1756"]
[BlackElo "1996"]
[PlyCount "38"]
[EventDate "2016.12.02"]
[EventType "swiss"]
[EventRounds "10"]
[EventCountry "ESP"]
[SourceTitle "Ajedrez en Madrid"]
[Source "lmi"]
[SourceDate "2016.12.02"]

1. d4 Nf6 2. Bg5 e6 3. e4 h6 4. Bxf6 Qxf6 5. c3 d6 6. Bd3 Nc6 7. Ne2 e5 8. d5
Ne7 9. O-O g5 10. Nd2 h5 11. g3 h4 12. f4 hxg3 13. hxg3 gxf4 14. Rf2 Qh6 15.
Rg2 Bh3 16. Rh2 fxg3 17. Nxg3 Qe3+ 18. Kh1 Qxg3 19. Bf1 Bg2+ 0-1

[Event "15. Torneo Aficionados Benidorm s-2000"]
[Site "Benidorm ESP"]
[Date "2016.12.02"]
[Round "1.6"]
[White "Avendano Mateos, Jose"]
[Black "Pastor Marti, Jaume"]
[Result "1-0"]
[WhiteElo "1995"]
[BlackElo "1756"]
[PlyCount "77"]
[EventDate "2016.12.02"]
[EventType "swiss"]
[EventRounds "10"]
[EventCountry "ESP"]
[SourceTitle "Ajedrez en Madrid"]
[Source "lmi"]
[SourceDate "2016.12.02"]

1. d4 Nf6 2. Nf3 d5 3. Bg5 e6 4. e3 Nbd7 5. Bd3 c5 6. c3 Bd6 7. Nbd2 O-O 8. O-O
h6 9. Bh4 Qc7 10. Bg3 Bxg3 11. hxg3 b6 12. Rc1 a5 13. Re1 Bb7 14. Bb5 Rfd8 15.
Bxd7 Rxd7 16. Ne5 Rdd8 17. f4 b5 18. Qb3 Ba6 19. a3 Qd6 20. Qc2 cxd4 21. exd4
b4 22. axb4 axb4 23. Nd3 Bxd3 24. Qxd3 bxc3 25. bxc3 Qa6 26. Qf3 Rac8 27. g4
Qa2 28. g5 hxg5 29. fxg5 Qxd2 30. gxf6 gxf6 31. Qxf6 Rd7 32. Rcd1 Qxc3 33. Re5
Kf8 34. Rh5 Qg3 35. Rh8+ Qg8 36. Rxg8+ Kxg8 37. Rd3 Kf8 38. Rd1 Kg8 39. Rf1 1-0

[Event "15. Torneo Aficionados Benidorm s-2000"]
[Site "Benidorm ESP"]
[Date "2016.12.02"]
[Round "1.8"]
[White "Raghav, Srivathsav V"]
[Black "MacQueen, Andrew"]
[Result "1-0"]
[WhiteElo "1993"]
[BlackElo "1755"]
[PlyCount "38"]
[EventDate "2016.12.02"]
[EventType "swiss"]
[EventRounds "10"]
[EventCountry "ESP"]
[SourceTitle "Ajedrez en Madrid"]
[Source "lmi"]
[SourceDate "2016.12.02"]

1. d4 c5 2. c3 e6 3. Nf3 d5 4. Bf4 Nc6 5. e3 Bd6 6. Bg3 Nf6 7. Bd3 c4 8. Bc2
O-O 9. Nbd2 Qc7 10. Bh4 Be7 11. e4 Nxe4 12. Nxe4 Bxh4 13. Nxh4 dxe4 14. Bxe4
Qf4 15. Bxc6 Qxh4 16. Bf3 Bd7 17. Qe2 Rfc8 18. Qd1 Qd8 19. Bd5 exd5 1-0

[Event "15. Torneo Aficionados Benidorm s-2000"]
[Site "Benidorm ESP"]
[Date "2016.12.03"]
[Round "2.1"]
[White "Lozano Osorio, Isaac"]
[Black "Nazarov, Alexander"]
[Result "1-0"]
[WhiteElo "1999"]
[BlackElo "1869"]
[PlyCount "121"]
[EventDate "2016.12.02"]
[EventType "swiss"]
[EventRounds "10"]
[EventCountry "ESP"]
[SourceTitle "Ajedrez en Madrid"]
[Source "lmi"]
[SourceDate "2016.12.02"]

1. d4 Nf6 2. Nf3 d5 3. g3 e6 4. c4 Be7 5. Bg2 dxc4 6. O-O O-O 7. Ne5 c5 8. dxc5
Qc7 9. Nxc4 Bxc5 10. Be3 Bxe3 11. Nxe3 Rd8 12. Qb3 Nc6 13. Rc1 Bd7 14. Nc3 Nd4
15. Qb4 Bc6 16. Rd1 Bxg2 17. Rxd4 Rxd4 18. Qxd4 Bc6 19. Rd1 h6 20. Nc4 Nd5 21.
Ne5 Nxc3 22. Qxc3 Rc8 23. Nxc6 Qxc6 24. Qxc6 Rxc6 25. Rd8+ Kh7 26. Rd7 Rb6 27.
b3 Kg6 28. Kg2 Rb4 29. Rd8 Kf6 30. Kf3 h5 31. h4 Ke7 32. Rc8 Kd7 33. Rf8 Ke7
34. Rg8 g6 35. Rc8 Kd7 36. Rc3 e5 37. a3 Rd4 38. Ke3 f5 39. f4 Re4+ 40. Kf3
exf4 41. gxf4 Kd6 42. Rd3+ Kc5 43. Rd7 Kc6 44. Rd3 Kc5 45. Rc3+ Kd6 46. Rc8 Kd7
47. Rc3 Kd6 48. e3 a5 49. Ke2 b5 50. Rc8 Re6 51. Ra8 b4 52. Rxa5 bxa3 53. Rxa3
Kc5 54. Ra4 Rb6 55. Rc4+ Kd5 56. Rc3 Ke4 57. Rc5 Re6 58. b4 g5 59. hxg5 h4 60.
g6 h3 61. g7 1-0

[Event "15. Torneo Aficionados Benidorm s-2000"]
[Site "Benidorm ESP"]
[Date "2016.12.03"]
[Round "2.2"]
[White "Veciana Coronado, Pau"]
[Black "Gonzalez Cuervo, Eloy"]
[Result "0-1"]
[WhiteElo "1869"]
[BlackElo "1997"]
[PlyCount "52"]
[EventDate "2016.12.02"]
[EventType "swiss"]
[EventRounds "10"]
[EventCountry "ESP"]
[SourceTitle "Ajedrez en Madrid"]
[Source "lmi"]
[SourceDate "2016.12.02"]

1. e4 e6 2. d3 Nc6 3. Nf3 g6 4. g3 Bg7 5. Bg2 Nge7 6. O-O O-O 7. Re1 e5 8. c3
d6 9. Nbd2 f5 10. Qb3+ Kh8 11. Ng5 Qe8 12. a4 h6 13. Ne6 Bxe6 14. Qxe6 f4 15.
Nf3 Nd8 16. Qh3 Ng8 17. b4 Ne6 18. Bb2 h5 19. g4 Nh6 20. g5 Nf7 21. Qh4 Qe7 22.
d4 Nexg5 23. Nxg5 Nxg5 24. Kh1 Bf6 25. dxe5 dxe5 26. Red1 Nxe4 0-1

[Event "15. Torneo Aficionados Benidorm s-2000"]
[Site "Benidorm ESP"]
[Date "2016.12.03"]
[Round "2.3"]
[White "Bendriss, Hatim"]
[Black "Culicovschi, George"]
[Result "1-0"]
[WhiteElo "1997"]
[BlackElo "1867"]
[PlyCount "155"]
[EventDate "2016.12.02"]
[EventType "swiss"]
[EventRounds "10"]
[EventCountry "ESP"]
[SourceTitle "Ajedrez en Madrid"]
[Source "lmi"]
[SourceDate "2016.12.02"]

1. e4 b6 2. d4 Bb7 3. Bd3 e6 4. Ne2 d5 5. e5 c5 6. c3 Nc6 7. a3 Be7 8. Be3 Bg5
9. f4 Bh4+ 10. Ng3 Be7 11. Qg4 g6 12. Nd2 Nh6 13. Qh3 Nf5 14. Nxf5 exf5 15. O-O
O-O 16. Rf3 Kh8 17. Qh6 Rg8 18. Rh3 Rg7 19. Rf1 Qf8 20. Nf3 f6 21. Nh4 Qg8 22.
Bxf5 gxf5 23. exf6 Bxf6 24. Qxf6 Qf7 25. Qxf5 Qe8 26. dxc5 Bc8 27. Qf6 Bxh3 28.
Rf3 Qe6 29. Qxe6 Bxe6 30. cxb6 axb6 31. f5 Bf7 32. h3 Re8 33. Kf2 Bh5 34. g4
Bf7 35. Rg3 b5 36. Nf3 Kg8 37. Bh6 Re4 38. Nd2 Re8 39. Re3 Rd8 40. Nf3 Be8 41.
Bxg7 Kxg7 42. Kg3 Bf7 43. Kf4 d4 44. cxd4 Nxd4 45. Ng5 Nc6 46. Rc3 Rd4+ 47. Ke3
Rd6 48. Ne4 Rh6 49. f6+ Kg6 50. Rxc6 Rxh3+ 51. Kf4 Rb3 52. Rc2 Bd5 53. Nc3 Bf7
54. Ke5 b4 55. axb4 Rxb4 56. Ne4 Rb5+ 57. Kf4 Rb4 58. Rd2 Be6 59. Re2 Bd5 60.
g5 Bxe4 61. Rxe4 Rxb2 62. Re7 Rb4+ 63. Ke5 Rb5+ 64. Ke6 Rb6+ 65. Kd7 Rb8 66.
Rg7+ Kf5 67. f7 Ra8 68. Rg8 Ra7+ 69. Ke8 Ra8+ 70. Ke7 Ra7+ 71. Kf8 Ke6 72. g6
Kf6 73. Ke8 Ra8+ 74. Kd7 Ra7+ 75. Kc6 Ke7 76. f8=Q+ Ke6 77. gxh7 Re7 78. Rg6+
1-0

[Event "15. Torneo Aficionados Benidorm s-2000"]
[Site "Benidorm ESP"]
[Date "2016.12.03"]
[Round "2.4"]
[White "Calderon Alzate, Ivan Alejandro"]
[Black "Fernandez Garcia, Ignacio"]
[Result "1/2-1/2"]
[WhiteElo "1996"]
[BlackElo "1859"]
[PlyCount "93"]
[EventDate "2016.12.02"]
[EventType "swiss"]
[EventRounds "10"]
[EventCountry "ESP"]
[SourceTitle "Ajedrez en Madrid"]
[Source "lmi"]
[SourceDate "2016.12.02"]

1. e4 e6 2. d3 d6 3. g3 Nf6 4. Bg2 Be7 5. Ne2 Nbd7 6. Nd2 c6 7. O-O h5 8. h3 g5
9. d4 e5 10. Nc4 h4 11. Bxg5 hxg3 12. fxg3 Qc7 13. Qd3 d5 14. Nxe5 Nxe5 15.
dxe5 Qxe5 16. h4 Bc5+ 17. Be3 dxe4 18. Qd2 Ng4 19. Bxc5 Qxc5+ 20. Qd4 Qxd4+ 21.
Nxd4 Ne3 22. Rfe1 Nxg2 23. Rxe4+ Kf8 24. Kxg2 Rh5 25. Rf1 c5 26. Nb5 Bd7 27.
Nc7 Bc6 28. Nxa8 Bxe4+ 29. Kh3 Rd5 30. Nc7 Rd2 31. Rf4 Bg2+ 32. Kg4 Rxc2 33.
Ne6+ Kg8 34. Ng5 Bd5 35. Ra4 Rxb2 36. Rxa7 Rxa2 37. Rxa2 Bxa2 38. Ne4 b6 39.
Kf4 Kg7 40. Ke5 Kg6 41. Kd6 Bb1 42. Nc3 Bd3 43. Kc6 b5 44. Kxc5 Kh5 45. Nxb5
Kg4 46. Nd6 Bg6 47. Kd5 1/2-1/2

[Event "15. Torneo Aficionados Benidorm s-2000"]
[Site "Benidorm ESP"]
[Date "2016.12.03"]
[Round "2.5"]
[White "Custard Gasco, Daniel"]
[Black "Avendano Mateos, Jose"]
[Result "0-1"]
[WhiteElo "1863"]
[BlackElo "1995"]
[PlyCount "43"]
[EventDate "2016.12.02"]
[EventType "swiss"]
[EventRounds "10"]
[EventCountry "ESP"]
[SourceTitle "Ajedrez en Madrid"]
[Source "lmi"]
[SourceDate "2016.12.02"]

1. e4 c6 2. d4 d5 3. f3 g6 4. Nc3 Bg7 5. Be3 e6 6. Qd2 a6 7. O-O-O b5 8. h4 h5
9. Kb1 Nd7 10. Bg5 f6 11. Be3 Nb6 12. exd5 cxd5 13. Bd3 Ne7 14. Nh3 Bd7 15. Nf4
f5 16. Nh3 Nc4 17. Qe1 b4 18. Ne2 Nxe3 19. Nc3 Nc4 20. Qd2 Bc8 21. Ng1 Ng8 22.
Bf1 0-1

[Event "15. Torneo Aficionados Benidorm s-2000"]
[Site "Benidorm ESP"]
[Date "2016.12.03"]
[Round "2.6"]
[White "Cebrian Flores, Juan Antonio"]
[Black "La Orden Gil, Javier"]
[Result "1-0"]
[WhiteElo "1993"]
[BlackElo "1858"]
[PlyCount "61"]
[EventDate "2016.12.02"]
[EventType "swiss"]
[EventRounds "10"]
[EventCountry "ESP"]
[SourceTitle "Ajedrez en Madrid"]
[Source "lmi"]
[SourceDate "2016.12.02"]

1. e4 c5 2. Nf3 e6 3. d4 cxd4 4. Nxd4 a6 5. c4 Qc7 6. Nc3 Nf6 7. a3 d6 8. Be3
Be7 9. Be2 b6 10. O-O Bb7 11. f3 Nbd7 12. b4 O-O 13. Rc1 Rac8 14. Qd2 Qb8 15.
Rfd1 Bd8 16. Kh1 Bc7 17. b5 a5 18. Nc6 Bxc6 19. bxc6 Ne5 20. Nb5 Rfd8 21. Bg5
Nxc6 22. Bxf6 gxf6 23. Qh6 Rd7 24. f4 d5 25. Nxc7 Rcxc7 26. exd5 exd5 27. Bd3
Qd8 28. Bxh7+ Kh8 29. Bf5+ Kg8 30. Re1 Ne5 31. fxe5 1-0

[Event "15. Torneo Aficionados Benidorm s-2000"]
[Site "Benidorm ESP"]
[Date "2016.12.03"]
[Round "2.7"]
[White "Grau Peris, Ruben"]
[Black "Raghav, Srivathsav V"]
[Result "0-1"]
[WhiteElo "1857"]
[BlackElo "1993"]
[PlyCount "80"]
[EventDate "2016.12.02"]
[EventType "swiss"]
[EventRounds "10"]
[EventCountry "ESP"]
[SourceTitle "Ajedrez en Madrid"]
[Source "lmi"]
[SourceDate "2016.12.02"]

1. d4 d6 2. Nf3 Nd7 3. g3 e5 4. dxe5 dxe5 5. Bg2 Ngf6 6. O-O Bc5 7. Bg5 O-O 8.
Nc3 Qe8 9. Nd2 h6 10. Bxf6 Nxf6 11. Nde4 Nxe4 12. Nxe4 Bd4 13. c3 Bb6 14. Qd5
Kh8 15. a4 a5 16. Rfd1 f5 17. Nc5 c6 18. Qc4 e4 19. b4 Qe7 20. e3 Bxc5 21. Qxc5
Qxc5 22. bxc5 Be6 23. Rd4 Rae8 24. Rad1 Kh7 25. Bf1 g5 26. Bh3 Kg7 27. Bf1 Bc8
28. Be2 g4 29. Bc4 Re5 30. Rd8 Rxc5 31. Rxf8 Kxf8 32. Rd4 Ke7 33. Kf1 b5 34.
axb5 cxb5 35. Be2 Bd7 36. c4 b4 37. Bd1 a4 38. Rxd7+ Kxd7 39. Bxa4+ Kd6 40. Bb5
Rxb5 0-1

[Event "15. Torneo Aficionados Benidorm s-2000"]
[Site "Benidorm ESP"]
[Date "2016.12.04"]
[Round "3.1"]
[White "Perez Garcia, Juan Angel"]
[Black "Lozano Osorio, Isaac"]
[Result "1/2-1/2"]
[WhiteElo "1911"]
[BlackElo "1999"]
[PlyCount "71"]
[EventDate "2016.12.02"]
[EventType "swiss"]
[EventRounds "10"]
[EventCountry "ESP"]
[SourceTitle "Ajedrez en Madrid"]
[Source "lmi"]
[SourceDate "2016.12.02"]

1. d4 Nf6 2. Nf3 e6 3. c4 b6 4. Nc3 Bb4 5. Bg5 Bb7 6. e3 h6 7. Bh4 g5 8. Bg3
Ne4 9. Nd2 Nxc3 10. bxc3 Bxc3 11. Rc1 Bb4 12. h4 Rg8 13. hxg5 hxg5 14. Rh6 Bf8
15. Rh7 d6 16. Qh5 Qf6 17. c5 bxc5 18. dxc5 Qg6 19. Qh2 dxc5 20. Bxc7 Nc6 21.
Bb5 a6 22. Ba4 Rc8 23. Bc2 f5 24. Nc4 Rg7 25. Rh6 Qf7 26. Be5 Nxe5 27. Nxe5 Bd6
28. Rd1 Bxe5 29. Qxe5 Rg6 30. Rh8+ Rg8 31. Rh6 Rg6 32. Rh8+ Rg8 33. Ba4+ Kf8
34. Bc2 Ke8 35. Rxg8+ Qxg8 36. Bxf5 1/2-1/2

[Event "15. Torneo Aficionados Benidorm s-2000"]
[Site "Benidorm ESP"]
[Date "2016.12.04"]
[Round "3.2"]
[White "Gonzalez Cuervo, Eloy"]
[Black "Manas Garcia-Mascaraque, Ramon"]
[Result "0-1"]
[WhiteElo "1997"]
[BlackElo "1913"]
[PlyCount "49"]
[EventDate "2016.12.02"]
[EventType "swiss"]
[EventRounds "10"]
[EventCountry "ESP"]
[SourceTitle "Ajedrez en Madrid"]
[Source "lmi"]
[SourceDate "2016.12.02"]

1. e4 c5 2. Nf3 g6 3. d4 cxd4 4. Nxd4 Nc6 5. Nc3 Bg7 6. Nxc6 bxc6 7. Bd3 d6 8.
O-O Nf6 9. Kh1 O-O 10. f4 Nd7 11. f5 Ne5 12. Qe1 e6 13. fxg6 fxg6 14. Bf4 Nxd3
15. cxd3 e5 16. Be3 Be6 17. Qd2 Qe7 18. Bg5 Bf6 19. Bh6 Bg7 20. b3 Rxf1+ 21.
Rxf1 Rf8 22. Kg1 Rxf1+ 23. Kxf1 Qf8+ 24. Kg1 Bxh6 25. Nb1 0-1

[Event "15. Torneo Aficionados Benidorm s-2000"]
[Site "Benidorm ESP"]
[Date "2016.12.04"]
[Round "3.3"]
[White "Goodfellow, Russell Robert"]
[Black "Bendriss, Hatim"]
[Result "0-1"]
[WhiteElo "1905"]
[BlackElo "1997"]
[PlyCount "38"]
[EventDate "2016.12.02"]
[EventType "swiss"]
[EventRounds "10"]
[EventCountry "ESP"]
[SourceTitle "Ajedrez en Madrid"]
[Source "lmi"]
[SourceDate "2016.12.02"]

1. e4 c6 2. d4 d5 3. e5 Bf5 4. Nc3 e6 5. g4 Bg6 6. Nge2 c5 7. Be3 Nc6 8. h4
cxd4 9. Nxd4 h5 10. Bb5 Qc7 11. f3 Nge7 12. Be2 a6 13. gxh5 Nf5 14. Nxf5 Bxf5
15. Nb1 d4 16. Bf2 Qb6 17. Qc1 Bb4+ 18. Kf1 Qa5 19. Rg1 Bh3+ 0-1

[Event "15. Torneo Aficionados Benidorm s-2000"]
[Site "Benidorm ESP"]
[Date "2016.12.04"]
[Round "3.4"]
[White "Avendano Mateos, Jose"]
[Black "Gonzalez Pabollet, Jesus Maria S"]
[Result "0-1"]
[WhiteElo "1995"]
[BlackElo "1912"]
[PlyCount "75"]
[EventDate "2016.12.02"]
[EventType "swiss"]
[EventRounds "10"]
[EventCountry "ESP"]
[SourceTitle "Ajedrez en Madrid"]
[Source "lmi"]
[SourceDate "2016.12.02"]

1. c4 Nf6 2. Nc3 e5 3. g3 Bc5 4. Bg2 d6 5. e3 Nc6 6. Na4 Bb6 7. a3 Ne7 8. Nxb6
axb6 9. Ne2 O-O 10. O-O c6 11. d4 Ng6 12. b4 Bf5 13. Bb2 Qc8 14. Re1 Bh3 15.
Bh1 Ng4 16. Nc3 f5 17. f3 Nf6 18. Bg2 Bxg2 19. Kxg2 f4 20. e4 exd4 21. Qxd4 Ne5
22. gxf4 c5 23. bxc5 bxc5 24. Qe3 Nxc4 25. Qe2 Nxb2 26. Qxb2 Nh5 27. f5 Nf4+
28. Kh1 Nd3 29. Qa2+ c4 30. Red1 Kh8 31. Qe2 Qc5 32. Rxd3 cxd3 33. Qxd3 Rxa3
34. Rxa3 Qxa3 35. Qd4 Rc8 36. Nd1 Qxf3+ 37. Kg1 Rc1 38. Qd2 0-1

[Event "15. Torneo Aficionados Benidorm s-2000"]
[Site "Benidorm ESP"]
[Date "2016.12.04"]
[Round "3.5"]
[White "Alfven, Jorgen"]
[Black "Cebrian Flores, Juan Antonio"]
[Result "0-1"]
[WhiteElo "1896"]
[BlackElo "1993"]
[PlyCount "70"]
[EventDate "2016.12.02"]
[EventType "swiss"]
[EventRounds "10"]
[EventCountry "ESP"]
[SourceTitle "Ajedrez en Madrid"]
[Source "lmi"]
[SourceDate "2016.12.02"]

1. d4 Nf6 2. Nf3 g6 3. Bf4 Bg7 4. e3 O-O 5. h3 d6 6. Be2 Nfd7 7. O-O e5 8. Bg3
f5 9. dxe5 dxe5 10. Bh4 Qe8 11. Nfd2 Nb6 12. c4 Na4 13. Qc2 e4 14. Nc3 Nxc3 15.
bxc3 h6 16. Bg3 Qe7 17. Rfd1 g5 18. Bh2 b6 19. Nb3 f4 20. c5 Kh8 21. Bc4 Ba6
22. Bxa6 Nxa6 23. Rd5 c6 24. Rd6 Nxc5 25. Rad1 Nd3 26. Rxc6 fxe3 27. f3 exf3
28. Qxd3 e2 29. Bg3 exd1=Q+ 30. Qxd1 Qe2 31. Qf1 Qe4 32. Rc7 Rae8 33. Bf2 fxg2
34. Qd1 Rxf2 35. Kxf2 Qf5+ 0-1

[Event "15. Torneo Aficionados Benidorm s-2000"]
[Site "Benidorm ESP"]
[Date "2016.12.04"]
[Round "3.6"]
[White "Raghav, Srivathsav V"]
[Black "Haddad Filho Paulo Ibrahim"]
[Result "1-0"]
[WhiteElo "1993"]
[BlackElo "1909"]
[PlyCount "59"]
[EventDate "2016.12.02"]
[EventType "swiss"]
[EventRounds "10"]
[EventCountry "ESP"]
[SourceTitle "Ajedrez en Madrid"]
[Source "lmi"]
[SourceDate "2016.12.02"]

1. d4 Nf6 2. Nf3 e6 3. Bf4 d5 4. e3 c5 5. c3 Nc6 6. Nbd2 a6 7. Bd3 b5 8. h3 Bd6
9. dxc5 Bxc5 10. b4 Bd6 11. a4 e5 12. axb5 exf4 13. bxc6 fxe3 14. fxe3 Qb6 15.
Nd4 Bg3+ 16. Kf1 O-O 17. Qf3 Be5 18. N2b3 Be6 19. Kf2 Bxd4 20. Nxd4 a5 21. Rhb1
axb4 22. Rxa8 Rxa8 23. cxb4 Ra3 24. Bf5 Qxd4 25. exd4 Rxf3+ 26. gxf3 Bxf5 27.
Ra1 Kf8 28. b5 Ke7 29. b6 Ng8 30. Ke1 1-0

[Event "15. Torneo Aficionados Benidorm s-2000"]
[Site "Benidorm ESP"]
[Date "2016.12.04"]
[Round "3.7"]
[White "Atienza Alvarez, Javier"]
[Black "Garcia Sancho, Josep"]
[Result "1-0"]
[WhiteElo "1893"]
[BlackElo "1986"]
[PlyCount "53"]
[EventDate "2016.12.02"]
[EventType "swiss"]
[EventRounds "10"]
[EventCountry "ESP"]
[SourceTitle "Ajedrez en Madrid"]
[Source "lmi"]
[SourceDate "2016.12.02"]

1. d4 Nf6 2. Nf3 e6 3. c4 b6 4. g3 Bb7 5. Bg2 Be7 6. O-O O-O 7. Nc3 Ne4 8. Qc2
Nxc3 9. bxc3 f5 10. Ne5 Bxg2 11. Kxg2 d6 12. Nd3 Nd7 13. Nf4 Rf6 14. h4 Nf8 15.
e4 Qd7 16. exf5 exf5 17. Nd5 Rf7 18. Re1 Bf6 19. Qe2 c6 20. Nxf6+ Rxf6 21. Bg5
Re6 22. Qf3 Rae8 23. Rxe6 Qxe6 24. Qxc6 Rc8 25. Qb7 Qxc4 26. Qxa7 Qxc3 27. Rc1
1-0

[Event "15. Torneo Aficionados Benidorm s-2000"]
[Site "Benidorm ESP"]
[Date "2016.12.04"]
[Round "3.8"]
[White "Young, Mel J"]
[Black "Lloret Mauri, Jaime"]
[Result "0-1"]
[WhiteElo "1892"]
[BlackElo "1977"]
[PlyCount "44"]
[EventDate "2016.12.02"]
[EventType "swiss"]
[EventRounds "10"]
[EventCountry "ESP"]
[SourceTitle "Ajedrez en Madrid"]
[Source "lmi"]
[SourceDate "2016.12.02"]

1. e4 e6 2. Nf3 d5 3. Nc3 Nf6 4. e5 Nfd7 5. d4 c5 6. dxc5 Bxc5 7. Bd3 Nc6 8.
Bf4 a6 9. O-O h6 10. Qe2 g5 11. Bg3 g4 12. Nd2 h5 13. Nb3 Nd4 14. Nxd4 Bxd4 15.
Rad1 Qg5 16. Nxd5 exd5 17. e6 Nf6 18. exf7+ Kxf7 19. c3 Bb6 20. Qc2 h4 21. Bd6
g3 22. Qb3 gxf2+ 0-1

[Event "15. Torneo Aficionados Benidorm s-2000"]
[Site "Benidorm ESP"]
[Date "2016.12.05"]
[Round "4.1"]
[White "Bendriss, Hatim"]
[Black "Atienza Alvarez, Javier"]
[Result "1-0"]
[WhiteElo "1997"]
[BlackElo "1893"]
[PlyCount "133"]
[EventDate "2016.12.02"]
[EventType "swiss"]
[EventRounds "10"]
[EventCountry "ESP"]
[SourceTitle "Ajedrez en Madrid"]
[Source "lmi"]
[SourceDate "2016.12.02"]

1. e4 e6 2. d4 d5 3. exd5 exd5 4. c4 Nf6 5. Nc3 Bb4 6. a3 Bxc3+ 7. bxc3 O-O 8.
h3 Ne4 9. Qc2 Re8 10. Be2 Bf5 11. Qb2 dxc4 12. Nf3 Nd7 13. O-O Nb6 14. a4 Nxc3
15. Bxc4 Nxc4 16. Qxc3 Qd5 17. Bf4 c6 18. Rfc1 Nd6 19. Qb4 Rad8 20. Rc5 Qe6 21.
Re1 Ne4 22. Nh4 Qa2 23. Rxf5 Qxf2+ 24. Kh2 Qxh4 25. Qxb7 Qe7 26. Qxc6 f6 27.
Rb5 Qd7 28. Qc4+ Kh8 29. d5 Nd6 30. Rxe8+ Rxe8 31. Bxd6 Qxd6+ 32. g3 Kg8 33.
Kg2 Kf8 34. Rb7 a5 35. Rc7 Qa3 36. Qc5+ Qxc5 37. Rxc5 Ke7 38. Rxa5 Kd6 39. Kf3
g6 40. Ra6+ Kxd5 41. Rxf6 Ra8 42. Rf4 Ra7 43. g4 Ke5 44. Re4+ Kd5 45. Ke3 Kc5
46. Kd3 Rd7+ 47. Kc3 Rf7 48. Re5+ Kd6 49. Kd4 Rf1 50. Ra5 Rd1+ 51. Ke4 Rh1 52.
Rd5+ Kc6 53. Rd3 Ra1 54. Rc3+ Kb6 55. Kf4 Rxa4+ 56. Kg5 Ra7 57. Kh6 Re7 58. h4
Re4 59. Rg3 Re7 60. h5 Re6 61. Kxh7 gxh5 62. gxh5 Kc7 63. Rg6 Re5 64. h6 Kd8
65. Kh8 Ke7 66. Kg7 Ke8 67. h7 1-0